Normal view
MARC view
Entry Topical Term
001 - CONTROL NUMBER
- control field: 3564
003 - CONTROL NUMBER IDENTIFIER
- control field: SLTCLib
005 - DATE AND TIME OF LATEST TRANSACTION
- control field: 20260605110552.0
008 - FIXED-LENGTH DATA ELEMENTS
- fixed length control field: 260605|| aca||babn | a|a d
040 ## - CATALOGING SOURCE
- Original cataloging agency: SLTCLib
150 ## - HEADING--TOPICAL TERM
- Linkage: Concepts
260 ## - COMPLEX SEE REFERENCE--SUBJECT
- Authority record control number: Concepts